Statistics for Barcelona's Top 10 Leading Goalscorers of All Time

Click here to take the quiz!

General Stats

  • This quiz has been taken 191 times
  • The average score is 4 of 10

Answer Stats

GoalsAnswer% Correct
595Lionel Messi
100%
175Luis Suarez
88%
130Samuel Eto'o
60%
130Rivaldo
48%
194Laszlo Kubala
22%
232Cesar Rodriguez
15%
143Paulino Alcantara
12%
184Josep Samitier
9%
167Josep Escola
8%
128Mariano Martin
6%

Score Distribution

Percentile by Number Answered

Percent of People with Each Score

Your Score History

You have not taken this quiz